Normal view
MARC view
Entry Topical Term
001 - CONTROL NUMBER
- control field: 9821
003 - CONTROL NUMBER IDENTIFIER
- control field: BD-RjUL
005 - DATE AND TIME OF LATEST TRANSACTION
- control field: 20231101103105.0
008 - FIXED-LENGTH DATA ELEMENTS
- fixed length control field: 231101|| aca||aabn | a|a d
040 ## - CATALOGING SOURCE
- Original cataloging agency: BD-RjUL
- Transcribing agency: BD-RjUL
150 ## - HEADING--TOPICAL TERM
- Topical term or geographic name entry element: Sericulture
670 ## - SOURCE DATA FOUND
- Source citation: Work cat.: (BD-RjUL)82218: BANU, HOSNA ARA 9820, EFFECT OF PLANT EXTRACTS ON THE GROWTH AND DEVELOPMENT OF THE MULBERRY SILKWORM BOMBYX MORIL /, 2014